[Event "Jack Speigel Memorial"]
[Site "Broken Arrow"]
[Date "2004.05.23"]
[Round "4"]
[White "Joy, Jacob"]
[Black "Deputy, Larry M"]
[Result "0-1"]
[WhiteElo "1580"]
[BlackElo "1766"]
[PlyCount "102"]
[EventDate "2004.05.22"]
[EventType "swiss"]
[EventRounds "5"]
[EventCountry "USA"]
[EventCategory "1"]
[SourceTitle "EXT 2006"]
[Source "ChessBase"]
[SourceDate "2005.11.24"]
[SourceVersion "1"]
[SourceVersionDate "2005.11.24"]
[SourceQuality "1"]

1. e4 c5 2. Nf3 e6 3. d4 cxd4 4. Nxd4 Nc6 5. Be3 a6 6. Bc4 Qc7 7. Bb3 Nge7 8. Nc3 Nxd4 9. Bxd4 Nc6 10. Be3 b5 11. a3 Bb7 12. Qd2 Na5 13. f3 Nxb3 14. cxb3 Bc6 15. b4 Be7 16. 0-0 0-0 17. Rac1 Rfd8 18. Rfd1 Qb7 19. Ne2 d6 20. Kh1 Rac8 21. Nd4 Bd7 22. Bg5 f6 23. Bh4 Rxc1 24. Rxc1 Rc8 25. Rxc8+ Qxc8 26. Qc2 Qxc2 27. Nxc2 Kf7 28. Kg1 e5 29. Ne3 Bc6 30. Kf1 Ke6 31. Ke2 g6 32. Kd3 d5 33. exd5+ Bxd5 34. Nxd5 Kxd5 35. Ke3 g5 36. Be1 f5 37. Bc3 Bd8 38. g3 Bb6+ 39. Ke2 h5 40. h3 g4 41. hxg4 hxg4 42. fxg4 fxg4 43. Bd2 e4 44. Bc3 Bc7 45. Kf2 Bb6+ 46. Ke2 Kc4 47. Be5 Bd4 48. Bxd4 Kxd4 49. b3 e3 50. a4 Ke4 51. a5 Kd4 0-1

[Event "Bartlesville P 66"]
[Site "Bartlesville"]
[Date "2004.03.28"]
[Round "4"]
[White "Joy, Jacob"]
[Black "Neighbors, Teddy"]
[Result "1/2-1/2"]
[WhiteElo "1450"]
[BlackElo "1348"]
[PlyCount "55"]
[EventDate "2004.03.27"]
[EventType "swiss (rapid)"]
[EventRounds "5"]
[EventCountry "USA"]
[EventCategory "1"]
[SourceTitle "EXT 2006"]
[Source "ChessBase"]
[SourceDate "2005.11.24"]
[SourceVersion "1"]
[SourceVersionDate "2005.11.24"]
[SourceQuality "1"]

1. e4 d6 2. d4 Nf6 3. Nc3 g6 4. f3 Bg7 5. Be3 0-0 6. Qd2 c6 7. Bc4 b5 8. Bb3 Qa5 9. Nce2 Qxd2+ 10. Bxd2 d5 11. exd5 Nxd5 12. c3 e6 13. Nf4 Nxf4 14. Bxf4 Nd7 15. Ne2 Bb7 16. Rd1 e5 17. dxe5 Nxe5 18. Bc2 Rad8 19. Kf2 c5 20. Be3 Rc8 21. b3 c4 22. b4 a6 23. Rd6 Rfd8 24. Rhd1 Rxd6 25. Rxd6 h5 26. Bg5 Bf8 27. Rd8 Rxd8 28. Bxd8 1/2-1/2